Statistics for Celebrities Close Up

Click here to take the quiz!

General Stats

  • This quiz has been taken 131 times
  • The average score is 11 of 16

Answer Stats

Answer% Correct
Barack Obama
97%
Justin Bieber
94%
Princess Diana
87%
Elvis Presley
85%
Abraham Lincoln
84%
Adele
84%
Brad Pitt
79%
Donald Trump
79%
Marilyn Monroe
73%
Jay Z
71%
Oprah Winfrey
70%
Beyonce Knowles
66%
Audrey Hepburn
61%
Madonna
44%
Barbra Streisand
32%
Lupita Nyong'o
31%

Score Distribution

Percentile by Number Answered

Percent of People with Each Score

Your Score History

You have not taken this quiz